[Event "3rd Sharjah Masters 2019"]
[Site "Sharjah"]
[Date "2019.03.26"]
[Round "5.47"]
[White "Mihoubi, Saad"]
[Black "Mullick, Raahil"]
[Result "0-1"]
[WhiteElo "2088"]
[BlackElo "2275"]
[Annotator "NA"]
[PlyCount "123"]
[EventDate "2019.03.22"]
[EventType "swiss"]
[EventCountry "UAE"]
[SourceTitle "playchess.com"]
[Source "ChessBase"]
[SourceQuality "1"]
[TimeControl "5400+30"]

1. d4 {[%emt 0:01:30]} Nf6 {[%emt 0:00:00]} 2. Nf3 {[%emt 0:00:08]} g6 {[%emt 0:00:00]} 3. e3 {[%emt 0:00:09]} Bg7 {[%emt 0:00:00]} 4. c4 {[%emt 0:00:06]} O-O {[%emt 0:00:20]} 5. Nc3 {[%emt 0:00:08]} d6 {[%emt 0:00:10]} 6. Be2 {[%emt 0:00:17]} Nbd7 {[%emt 0:00:10]} 7. O-O {[%emt 0:00:14]} e5 {[%emt 0:00:44]} 8. Qc2 {[%emt 0:01:56]} Qe7 {[%emt 0:01:55]} 9. b3 {[%emt 0:02:13]} Re8 {[%emt 0:05:25]} 10. Bb2 {[%emt 0:00:40]} e4 {[%emt 0:02:51]} 11. Nd2 {[%emt 0:00:17]} Nf8 {[%emt 0:01:00]} 12. Nd5 {[%emt 0:03:46]} Nxd5 {[%emt 0:01:54]} 13. cxd5 {[%emt 0:00:09]} Bf5 {[%emt 0:01:26]} 14. Rfc1 {[%emt 0:00:29]} Rac8 {[%emt 0:01:22]} 15. b4 {[%emt 0:04:08]} h5 {[%emt 0:02:31]} 16. b5 {[%emt 0:02:54]} g5 {[%emt 0:03:54]} 17. a4 {[%emt 0:02:24]} Bg6 {[%emt 0:01:45]} 18. Ra3 {[%emt 0:00:31]} Nd7 {[%emt 0:22:52]} 19. Nc4 {[%emt 0:08:14]} b6 {[%emt 0:06:12]} 20. Qb3 {[%emt 0:03:16]} f5 {[%emt 0:06:45]} 21. a5 {[%emt 0:00:56]} f4 {[%emt 0:02:16]} 22. axb6 {[%emt 0:02:34]} axb6 {[%emt 0:00:13]} 23. Ra7 {[%emt 0:02:59]} f3 {[%emt 0:03:51]} 24. gxf3 {[%emt 0:03:03]} exf3 {[%emt 0:00:41]} 25. Bxf3 {[%emt 0:00:09]} Rf8 {[%emt 0:00:40]} 26. Bg2 {[%emt 0:08:00]} g4 {[%emt 0:07:21]} 27. Nd2 {[%emt 0:04:51]} Qf6 {[%emt 0:06:07]} 28. Rf1 {[%emt 0:07:56]} Bh6 {[%emt 0:01:23]} 29. Qc3 {[%emt 0:01:57]} Rf7 {[%emt 0:05:35]} 30. f4 {[%emt 0:12:44]} gxf3 {[%emt 0:00:48]} 31. Nxf3 {[%emt 0:02:15]} Re8 {[%emt 0:02:53]} 32. Ne5 {[%emt 0:06:43]} Qh4 {[%emt 0:10:28]} 33. Nxg6 {[%emt 0:03:33]} Rxf1+ {[%emt 0:00:38]} 34. Kxf1 {[%emt 0:00:15]} Qg4 {[%emt 0:00:36]} 35. e4 {[%emt 0:10:00]} Qxg6 {[%emt 0:01:03]} 36. Rxc7 {[%emt 0:02:18]} Rf8+ {[%emt 0:00:01]} 37. Kg1 {[%emt 0:00:21]} h4 {[%emt 0:01:39]} 38. Rxd7 {[%emt 0:00:22]} Qg4 {[%emt 0:00:27]} 39. Qe1 {[%emt 0:02:04]} h3 {[%emt 0:01:01]} 40. Qg3 {[%emt 0:00:19]} Be3+ {[%emt 0:00:26]} 41. Kh1 {[%emt 0:00:16]} hxg2+ {[%emt 0:00:30]} 42. Qxg2 {[%emt 0:02:04]} Qxg2+ {[%emt 0:00:12]} 43. Kxg2 {[%emt 0:00:10]} Rf2+ {[%emt 0:00:07]} 44. Kg3 {[%emt 0:00:16]} Rxb2 {[%emt 0:00:07]} 45. Rxd6 {[%emt 0:00:28]} Bxd4 {[%emt 0:00:19]} 46. Re6 {[%emt 0:00:31]} Kf7 {[%emt 0:00:26]} 47. Kf4 {[%emt 0:01:28]} Rxb5 {[%emt 0:00:41]} 48. Rc6 {[%emt 0:00:23]} Rb2 {[%emt 0:00:41]} 49. Rc7+ {[%emt 0:00:36]} Kf6 {[%emt 0:00:15]} 50. Rc6+ {[%emt 0:00:12]} Ke7 {[%emt 0:00:21]} 51. Rc7+ {[%emt 0:00:34]} Kd6 {[%emt 0:01:23]} 52. Rc6+ {[%emt 0:00:08]} Kd7 {[%emt 0:00:00]} 53. e5 {[%emt 0:00:39]} Rxh2 {[%emt 0:01:21]} 54. e6+ {[%emt 0:00:10]} Ke7 {[%emt 0:00:39]} 55. Rc7+ {[%emt 0:00:07]} Kf6 {[%emt 0:00:32]} 56. Rf7+ {[%emt 0:00:36]} Kg6 {[%emt 0:00:01]} 57. Rb7 {[%emt 0:01:27]} Re2 {[%emt 0:00:54]} 58. Rb8 {[%emt 0:01:11]} Be5+ {[%emt 0:00:27]} 59. Kf3 {[%emt 0:00:27]} Bxb8 {[%emt 0:00:01]} 60. Kxe2 {[%emt 0:00:16]} Bd6 {[%emt 0:00:09]} 61. Kd3 {[%emt 0:00:12]} b5 {[%emt 0:00:13]} 62. Kd4 0-1

[Event "3rd Sharjah Masters 2019"]
[Site "Sharjah"]
[Date "2019.03.27"]
[Round "6.1"]
[White "Maghsoodloo, Parham"]
[Black "Wang, Hao"]
[Result "1/2-1/2"]
[WhiteElo "2673"]
[BlackElo "2718"]
[Annotator "TA"]
[PlyCount "28"]
[EventDate "2019.03.22"]
[EventType "swiss"]
[EventCountry "UAE"]
[SourceTitle "playchess.com"]
[Source "ChessBase"]
[SourceQuality "1"]

{[%evp 14,28,-14,-15,0,0,0,0,0,-15,-15,-22,-33,-67,-64,-66,-70]} 1. Nf3 d5 2. c4 d4 3. b4 f6 4. e3 e5 5. c5 a5 6. Qa4+ {A09: Réti Opening: 1 Nf3 d5 2 c4} Qd7 7. Bb5 c6 8. Bc4 {LiveBook: 4 Games. The position is equal.} Ne7 {[%cal Bg8e7,Be7d5,Bd5c7][%mdl 32]} (8... Na6 9. O-O Ne7 10. d3 dxe3 11. fxe3 Nd5 12. d4 b5 13. cxb6 Nxb6 {0-1 (26) Cordova,E (2597)-So,W (2765) chess.com INT 2019}) 9. b5 Nd5 10. Ba3 $146 ({Predecessor:} 10. exd4 Nf4 11. g3 Qg4 12. Qb3 a4 {½-½ (24) Voll,A (2572)-Turkov,V (2539) ICCF email 2015}) 10... Nc7 11. bxc6 Nxc6 12. O-O Nb4 13. Qb3 Bxc5 14. exd4 b5 $1 1/2-1/2

[Event "3rd Sharjah Masters 2019"]
[Site "Sharjah"]
[Date "2019.03.27"]
[Round "6.2"]
[White "Inarkiev, Ernesto"]
[Black "Gupta, Abhijeet"]
[Result "1-0"]
[WhiteElo "2692"]
[BlackElo "2602"]
[Annotator "TA"]
[PlyCount "75"]
[EventDate "2019.03.22"]
[EventType "swiss"]
[EventCountry "UAE"]
[SourceTitle "playchess.com"]
[Source "ChessBase"]
[SourceQuality "1"]

{[%evp 28,75,38,58,36,39,34,0,0,0,0,0,0,0,33,37,71,68,81,83,84,0,0,0,0,-50,-39,-50,0,-40,0,0,86,98,85,106,154,137,182,168,170,164,166,150,164,170,208,145,332,306]} 1. e4 c5 2. Nf3 d6 3. d4 cxd4 4. Nxd4 Nf6 5. Nc3 Nc6 6. Bg5 e6 7. Qd2 a6 8. O-O-O Bd7 9. f4 Be7 10. Nf3 b5 11. e5 b4 12. exf6 bxc3 13. Qxc3 gxf6 14. Bh4 d5 15. Kb1 Rb8 {B68: Sicilian: Richter-Rauzer: 7...a6 8 0-0-0 Bd7 9 f4 Be7} (15... Na5 16. Qe3 Rb8 17. b3 Rg8 18. Be1 Qc7 19. g3 Nc4 20. Bxc4 dxc4 21. Bc3 a5 22. Ka1 cxb3 23. cxb3 {1-0 (58) Bok,B (2601)-Kryakvin,D (2580) Groningen 2017}) 16. a3 Rg8 $146 ({Predecessor:} 16... O-O 17. f5 Qa5 18. Qxa5 Nxa5 19. b4 Bb5 20. Bxb5 Rxb5 21. Nd4 Rb6 22. Ka2 Nc4 23. Bf2 {1-0 (40) Meribanov,V (2409)-Lutsko,I (2371) Minsk 2013}) 17. Bxa6 Qb6 {The position is equal.} 18. Bf1 Ra8 19. Qb3 Qa7 20. Qc3 Rb8 21. Rd3 Na5 {Strongly threatening ...Nc4.} 22. Nd2 $1 ({But not} 22. Bxf6 Nc4 $11) 22... Nc4 23. Nxc4 dxc4 24. Rxd7 (24. Rh3 $16) 24... Qxd7 $11 25. Bxc4 Qc6 26. Re1 Kf8 $1 {[%mdl 1024] Black has compensation.} 27. Re2 Qc5 28. h3 Kg7 29. Ka2 Rgc8 {[#]} (29... Rbc8 $11 {keeps the balance.} 30. Re4 Kf8) 30. Qg3+ $1 $16 Kh8 31. Bb3 Ra8 {[#]} 32. Qf3 $1 Rd8 {[%cal Ra8a3] ( -> ...Rxa3+!)} 33. Re4 Ra6 34. Bf2 Qc6 35. Bd4 Rda8 36. Kb1 Rd8 37. Qe3 Qb5 $2 {[#]} (37... Raa8 $16) 38. Bc4 $1 {[%mdl 576] Skewer. Accuracy: White = 75%, Black = 39%.} 1-0

[Event "3rd Sharjah Masters 2019"]
[Site "Sharjah"]
[Date "2019.03.27"]
[Round "6.3"]
[White "Fedoseev, Vladimir"]
[Black "Abdusattorov, Nodirbek"]
[Result "1/2-1/2"]
[WhiteElo "2715"]
[BlackElo "2560"]
[Annotator "TA"]
[PlyCount "84"]
[EventDate "2019.03.22"]
[EventType "swiss"]
[EventCountry "UAE"]
[SourceTitle "playchess.com"]
[Source "ChessBase"]
[SourceQuality "1"]

{[%evp 19,84,0,18,0,17,0,7,2,7,7,10,7,10,-14,0,0,0,0,0,0,0,-12,0,0,0,0,0,0,0,0,0,0,7,0,4,0,0,0,18,16,28,0,0,0,0,0,0,0,0,0,0,0,0,0,0,0,0,0,0,0,0,0,0,0,0,0,0]} 1. d4 Nf6 2. c4 e6 3. Nf3 b6 4. g3 Bb7 5. Bg2 Be7 6. O-O O-O 7. b3 d5 8. cxd5 exd5 9. Bb2 Nbd7 10. Nc3 Re8 {LiveBook: 100 Games} 11. a3 {E17: Queen's Indian: 4 g3 Bb7 5 Bg2 Be7} (11. Rc1 Bf8 12. Qc2 a6 13. Rfd1 Rc8 14. e3 Qe7 15. Ne5 Qe6 16. Ne2 c6 17. Nf4 Qd6 18. Bh3 Rc7 19. b4 {½-½ (39) Leko,P (2691)-Bacrot,E (2725) Riadh 2017}) 11... a6 12. Ne5 $146 ({Predecessor:} 12. e3 Bd6 {1-0 (75) Markus,R (2572)-Podkriznik,G (2370) Ptuj 2008}) 12... Bf8 13. Nd3 Ne4 14. Qc2 Bd6 15. e3 Qe7 16. Nb4 (16. b4 {feels hotter.} Ndf6 17. Rfe1 a5 18. b5 Rac8 19. Ne5) 16... Bxb4 (16... Ndf6 {with more complications.} 17. Nd3 Nxc3 18. Bxc3 a5 19. b4 Ne4) 17. axb4 Nxc3 18. Bxc3 Nf6 19. Rfe1 Ne4 20. f3 (20. Rec1 {seems wilder.} c6 21. Be1 Nd6 22. Bf1 h5 23. h4) 20... Nxc3 21. Qxc3 Qd6 22. Rac1 Re7 23. e4 dxe4 $1 24. fxe4 {[#] aiming for e5.} Qd7 25. d5 Rae8 26. Rf1 Qd6 27. Rfd1 f6 28. Rd4 b5 29. Qc5 Qe5 30. Bh3 Bc8 {The position is equal.} 31. Bxc8 Rxc8 32. d6 Qxc5 33. bxc5 $11 {[%mdl 4096] Endgame KRR-KRR} Rd7 34. Ra1 cxd6 35. Rxd6 Rxd6 36. cxd6 {KR-KR} Rc6 37. Rd1 {[#] Threatening mate with d7.} Rc8 38. d7 Rd8 39. b4 Kf7 40. Rd6 Ke7 41. Rxa6 Rxd7 42. Rb6 Rd1+ {Precision: White = 65%, Black = 67%.} 1/2-1/2

[Event "3rd Sharjah Masters 2019"]
[Site "Sharjah"]
[Date "2019.03.27"]
[Round "6.4"]
[White "Yakubboev, Nodirbek"]
[Black "Le, Quang Liem"]
[Result "1-0"]
[WhiteElo "2569"]
[BlackElo "2715"]
[Annotator "TA"]
[PlyCount "107"]
[EventDate "2019.03.22"]
[EventType "swiss"]
[EventCountry "UAE"]
[SourceTitle "playchess.com"]
[Source "ChessBase"]
[SourceQuality "1"]

{[%evp 19,107,18,19,23,27,8,15,22,32,22,20,14,8,0,7,0,0,0,0,0,0,0,0,0,-12,0,0,7,8,7,8,-18,-17,-10,-6,-6,-8,-14,-13,-90,-81,-92,-124,-135,-15,-27,-6,-84,-93,-102,-72,-155,-157,-71,-156,-214,-214,-214,-214,-214,-206,-210,-207,-335,-320,-373,-366,-574,-567,-557,-538,-506,-234,-237,-237,-237,-230,-260,-91,-29983,0,0,0,0,14,15,29994,29995,29998,29999]} 1. d4 Nf6 2. c4 g6 3. Nc3 d5 4. cxd5 Nxd5 5. e4 Nxc3 6. bxc3 Bg7 7. Bc4 c5 8. Ne2 Nc6 9. Be3 O-O 10. O-O b6 11. dxc5 {D87: Exchange Grünfeld: Classical Line: Variations without ...cxd4} (11. Rc1 Bb7 12. Qd2 e6 13. Rfd1 Rc8 14. f3 cxd4 15. cxd4 Qd6 16. Bh6 Bxh6 17. Qxh6 Na5 18. Bd3 Rxc1 19. Qxc1 {½-½ (50) Nakamura,H (2746)-Vachier Lagrave,M (2781) London 2018}) 11... Qc7 12. Nd4 {Hoping for Nxc6.} Ne5 13. Nb5 {The position is equal.} Qb8 14. Be2 bxc5 15. Bxc5 a6 $1 {[%cal Ra6b5,Ba7a6,Ba6a5,Ba5a4][%mdl 32]} 16. Nd4 Qc7 17. Nb3 a5 $146 ({Predecessor:} 17... Rd8 18. Bd4 a5 {½-½ (49) Bunk,W (2372)-Jedinger,A (2134) ICCF email 2013}) 18. Bd4 a4 19. Nc5 Rd8 20. Qc1 Ng4 21. Bxg4 $1 Bxg4 22. h3 $1 {[%cal Rh3g4]} e5 23. Be3 Be2 {Strongly threatening ...Bf8.} 24. Re1 Bc4 {And now ...Bf8 would win.} 25. Qc2 Bf8 26. Nxa4 Bd3 $1 {[%cal Rd3c2]} 27. Qb3 Qc6 $36 {[%mdl 2048] Black has some pressure.} 28. Nb6 Ra3 29. Qb2 (29. Qd1 $1 $11) 29... Bxe4 $17 30. f3 Bf5 31. Bf2 Rxc3 (31... Qxc3 32. Qxc3 Rxc3 33. Rxe5 $15) (31... e4 $17 32. Rad1 Rxd1 33. Rxd1 exf3) 32. Rac1 {[#]} Bb4 $1 {[%mdl 512] White should prevent ...Rdd3.} 33. a3 (33. Rcd1 $11 Rxd1 34. Rxd1) (33. Qxb4 Rxc1) 33... Ba5 34. Rxc3 Bxc3 ({Of course not} 34... Qxc3 $6 35. Qb5 $15) 35. Qc1 ({White should try} 35. Rc1 Rd3 36. a4) 35... Rd2 36. Rd1 Rc2 37. Qh6 {[#]} (37. Qg5 $17 f6 38. Qe3) 37... Bd4 $1 $19 {[%cal Rd4f2][%mdl 512]} 38. Rxd4 (38. Bxd4 exd4) 38... exd4 39. Bxd4 {[%csl Gd4][%cal Rh6g7]} f6 {aiming for ...Qb5.} 40. Qe3 Kf7 {White must now prevent ...Bxh3!} 41. a4 (41. h4 {was worth a try.}) 41... Rc1+ 42. Kf2 g5 43. a5 (43. Qb3+ $142 Be6 44. Qd3) 43... Qc2+ 44. Kg3 Qc7+ 45. f4 {and the idea Nd5 leaves White hopeful.} Re1 (45... Rd1 $142 46. Kh2 Rd3) 46. Qb3+ {[#]} Be6 $1 {[%csl Gg5][%cal Rc7f4]} 47. Qf3 {intending a6.} Kg6 48. a6 h5 $2 (48... f5 $19 {Threatens to win with ...Re4.} 49. Kh2 Qc1) 49. a7 $2 {[%mdl 8192] [#]} (49. Bc3 $17 Rb1 50. Qe4+ Kg7 51. Na4) 49... h4+ $2 (49... Qxa7 $2 50. Kf2 $19) (49... Qc1 $1 {mates} 50. Bc3 h4+ 51. Kf2 Rf1+ {[%mdl 64] Skewer} 52. Ke2 Qd1+ 53. Ke3 Rxf3+ 54. gxf3 gxf4+ 55. Kxf4 Qc1+ {[%mdl 64] Double Attack} 56. Ke4 Qxc3 57. a8=Q f5+ 58. Kf4 Qd4+ {[%mdl 64] Double Attack} 59. Qe4 fxe4 60. fxe4 Qc3 61. e5 Bf5 62. Nd5 Qg3#) 50. Kf2 $11 Qc1 $1 {[%cal Rc1d2] ( -> ...Qd2+)} 51. Qd3+ (51. f5+ {is a self mate.} Bxf5 52. Qe2 Rxe2+ 53. Kxe2 Qc2+ 54. Ke3 Qd3+ 55. Kf2 Qd2+ 56. Kf1 Bd3+ 57. Kg1 Qe1+ 58. Kh2 Be4 59. a8=Q Qg3+ 60. Kh1 Qxg2#) 51... Bf5 {[#]} 52. a8=Q $1 {[%mdl 512] Qg8+ would kill now.} Bxd3 $4 {[%mdl 8192]} (52... Qxf4+ $11 53. Kxe1 (53. Qaf3 $2 Bxd3 54. Qxf4 Re2+ 55. Kf3 gxf4 $19) 53... Bxd3 54. Qe8+ Kh6) 53. Qg8+ Kf5 54. Qh7+ {Accuracy: White = 53%, Black = 79%.} 1-0

[Event "3rd Sharjah Masters 2019"]
[Site "Sharjah"]
[Date "2019.03.27"]
[Round "6.5"]
[White "Fier, Alexandr"]
[Black "Kryvoruchko, Yuriy"]
[Result "1/2-1/2"]
[WhiteElo "2551"]
[BlackElo "2680"]
[Annotator "TA"]
[PlyCount "37"]
[EventDate "2019.03.22"]
[EventType "swiss"]
[EventCountry "UAE"]
[SourceTitle "playchess.com"]
[Source "ChessBase"]
[SourceQuality "1"]

{[%evp 24,37,13,-6,0,0,2,-4,0,0,-2,-30,0,0,25,-21]} 1. Nf3 d5 2. c4 e6 3. g3 Nf6 4. Bg2 Be7 5. O-O O-O 6. b3 c5 7. Bb2 Nc6 8. e3 b6 9. Nc3 Ba6 10. Qe2 {A14: English Opening: 1...e6 with b3 by White} Rc8 11. d3 Qd7 12. Rfd1 (12. Rad1 Rfd8 13. h3 Qe8 14. Rfe1 h6 15. a3 Bb7 16. Qc2 Rd7 17. Ne2 Nh7 18. h4 Bf6 19. cxd5 Rxd5 {½-½ (48) Eljanov,P (2739)-Harikrishna,P (2752) Baku 2016}) 12... Rfd8 13. a3 {LiveBook: 3 Games} h6 14. Rab1 $146 ({Predecessor:} 14. Rac1 Bb7 15. h3 Nh7 16. Kh2 d4 17. exd4 Nxd4 18. Nxd4 cxd4 19. Bxb7 Qxb7 {0-1 (70) Chapman,T (2251)-Quillan,G (2357) Gibraltar 2009}) 14... Bb7 15. cxd5 Nxd5 16. Nxd5 Qxd5 17. Bc3 a5 18. Qb2 {Threatens to win with Ne5.} Bf8 19. d4 1/2-1/2

[Event "3rd Sharjah Masters 2019"]
[Site "Sharjah"]
[Date "2019.03.27"]
[Round "6.6"]
[White "Deepan, Chakkravarthy J."]
[Black "Firouzja, Alireza"]
[Result "1/2-1/2"]
[WhiteElo "2534"]
[BlackElo "2657"]
[Annotator "TA"]
[PlyCount "62"]
[EventDate "2019.03.22"]
[EventType "swiss"]
[EventCountry "UAE"]
[SourceTitle "playchess.com"]
[Source "ChessBase"]
[SourceQuality "1"]

{[%evp 20,62,16,22,10,10,30,27,14,20,4,5,18,12,18,10,12,12,57,0,7,0,0,0,0,-7,-3,-6,0,0,0,0,0,0,0,0,0,0,0,0,0,0,0,0,0]} 1. e4 c5 2. Nf3 d6 3. d4 cxd4 4. Nxd4 Nf6 5. Nc3 a6 6. g3 e5 7. Nde2 Be7 8. Bg2 O-O 9. O-O Be6 10. a4 Nbd7 11. h3 b5 {B91: Sicilian Najdorf: 6 g3} (11... Qc7 12. Be3 Rfc8 13. g4 h6 14. Qd2 Bc4 15. Rfc1 b5 16. axb5 axb5 17. Rxa8 Rxa8 18. b3 b4 19. Na4 {½-½ (74) Huschenbeth,N (2601)-Navara,D (2732) Czech Republic 2018}) 12. axb5 axb5 13. Rxa8 Qxa8 {White has an edge.} 14. Nxb5 Nxe4 15. Nc7 Qa4 16. b3 Qc6 17. Nxe6 fxe6 18. c4 {[#]} d5 $146 {[#] White must now prevent ...Nxf2!} ({Predecessor:} 18... Ndf6 19. Qc2 {½-½ (33) Antoniewski,R (2532)-Dziuba,M (2566) Poland 2016}) 19. cxd5 (19. Bxe4 $5 dxe4 20. Be3 $11) 19... exd5 {The position is equal.} 20. Bxe4 dxe4 21. Be3 Qe6 22. Nc3 Nf6 23. Kh2 Rc8 24. Nb1 Bb4 25. Nd2 Rc3 26. Nc4 Nd5 27. Qa1 h6 28. Qa8+ Kh7 29. Rd1 Rd3 30. Nb2 Rxe3 31. fxe3 Qf5 $1 {Accuracy: White = 73%, Black = 84%.} 1/2-1/2

[Event "3rd Sharjah Masters 2019"]
[Site "Sharjah"]
[Date "2019.03.27"]
[Round "6.7"]
[White "Adly, Ahmed"]
[Black "Vokhidov, Shamsiddin"]
[Result "0-1"]
[WhiteElo "2611"]
[BlackElo "2494"]
[Annotator "TA"]
[PlyCount "88"]
[EventDate "2019.03.22"]
[EventType "swiss"]
[EventCountry "UAE"]
[SourceTitle "playchess.com"]
[Source "ChessBase"]
[SourceQuality "1"]

{[%evp 15,88,24,17,12,9,17,9,16,8,0,0,-27,112,116,140,145,234,265,256,218,227,106,80,93,14,20,157,15,10,8,8,12,208,112,114,118,282,287,228,0,0,-7,0,0,0,0,117,0,0,-97,-83,-132,-131,-129,-122,-100,0,-263,-245,-1386,-1239,-1393,-1384,-1384,-1103,-2777,-2672,-5846,-5762,-5401,-5208,-29983,-29984,-29983,-29984]} 1. d4 Nf6 2. g3 d5 3. Bg2 e6 4. Nf3 Be7 5. O-O O-O 6. c4 dxc4 7. Qc2 a6 8. a4 Bd7 9. Rd1 {E05: Open Catalan: 5 Nf3 Be7} Bc6 10. Bg5 b5 11. Bxf6 {The position is equal.} Bxf6 12. Nc3 Qe8 13. e4 {[#]} e5 $146 (13... g6 $11) ({Predecessor:} 13... g6 14. h4 Nd7 15. axb5 axb5 16. Rxa8 Qxa8 {½-½ (26) Mamedyarov,S (2808)-So,W (2778) Stavanger 2018}) 14. Nd5 $1 $16 {[%cal Rd5c7]} (14. dxe5 $6 Bxe5 15. Nxe5 Qxe5) 14... Bxd5 15. dxe5 Nc6 (15... Bxe5 $16 {was necessary.} 16. Rxd5 Bf6) 16. exf6 $18 Bxe4 17. Qc3 b4 18. Qe3 (18. Qxc4 $6 gxf6 19. Re1 f5 $16) (18. Qc1 $1 $18 {is more deadly.}) 18... gxf6 $16 19. Re1 $1 {Black must now prevent Qh6.} Bd3 20. Qh6 Qd8 (20... Qd7 $1 $11 {remains equal.}) 21. Nh4 ({White should play} 21. Nd2 $16 Nd4 22. Ne4 (22. Bxa8 Qxa8 23. Qxf6 Qd8 $11)) 21... Nd4 $1 $11 ({Of course not} 21... Qd6 22. Be4 $16) 22. Rad1 {aiming for Rxd3.} Re8 $1 {[%cal Re8e1]} 23. Bxa8 {Threatens to win with Bb7.} Qxa8 $2 (23... Rxe1+ $1 $11 {and Black is okay.} 24. Rxe1 Ne2+ 25. Rxe2 Bxe2) 24. Rxe8+ (24. Qxf6 $18 Ne2+ 25. Rxe2 Rxe2 26. Nf5 Bxf5 27. Rd8+ Qxd8 28. Qxd8+ Kg7 29. Qd4+ Kg8 30. Qc5 (30. Qxc4 Rxb2 31. Kg2 h6 $16)) 24... Qxe8 $16 25. Qxf6 Qe4 $2 (25... Ne2+ $16 26. Kg2 Qe6 27. Qg5+ Kf8) 26. Qg5+ $18 Kf8 {( -> ...Ne2+)} 27. f3 $2 ({White has to play} 27. Qd8+ $1 $18 Kg7 28. Qxd4+ Qxd4 29. Nf5+ $1 {[%mdl 512]} Bxf5 30. Rxd4) 27... Qe7 $40 {[%mdl 128] White needs to defend precisely.} 28. Qxe7+ Kxe7 {[%mdl 4096] Endgame KRN-KBN} 29. Kf2 a5 30. Ng2 {Hoping for Nf4.} Ne6 (30... Nb3 $1 $11) 31. Ne1 ({Better is} 31. Ke3 $16) 31... Bg6 $1 32. Ke3 (32. f4 $11) 32... Nc5 $17 33. Kd4 Nxa4 34. Ra1 Nxb2 {Strongly threatening ...a4.} 35. Rxa5 c3 (35... f6 $17) 36. f4 $2 {[%mdl 8192]} (36. Kc5 $1 $11 {and White has nothing to worry.}) 36... c2 $19 {[#]} 37. Ra1 $2 (37. Nxc2 $1 {[%mdl 512]} Bxc2 38. Ra2) 37... Kd6 38. g4 c5+ 39. Ke3 Nc4+ 40. Ke2 Be4 41. Ra6+ Kc7 42. Nxc2 Bxc2 43. Rf6 b3 44. Rxf7+ Kc6 {Precision: White = 33%, Black = 51%.} 0-1

[Event "3rd Sharjah Masters 2019"]
[Site "Sharjah"]
[Date "2019.03.27"]
[Round "6.8"]
[White "Vignesh, N R"]
[Black "Zubov, Alexander"]
[Result "1/2-1/2"]
[WhiteElo "2476"]
[BlackElo "2605"]
[Annotator "TA"]
[PlyCount "43"]
[EventDate "2019.03.22"]
[EventType "swiss"]
[EventCountry "UAE"]
[SourceTitle "playchess.com"]
[Source "ChessBase"]
[SourceQuality "1"]

{[%evp 18,43,0,-6,-6,0,0,-20,0,0,0,13,3,0,0,13,43,43,39,45,39,33,35,0,0,0,32,0]} 1. e4 c5 2. Nf3 d6 3. d4 cxd4 4. Nxd4 Nf6 5. Nc3 {[%cal Bb1c3,Bc3d5,Bd5b4][%mdl 32]} a6 6. Be2 e5 7. Nb3 Be7 8. Bg5 Be6 9. Bxf6 Bxf6 10. Nd5 Nd7 {B92: Sicilian Najdorf: 6 Be2} 11. Qd3 Rc8 (11... Be7 12. Rd1 Bxd5 13. Qxd5 Qc7 14. c3 O-O 15. O-O b5 16. Na1 Rad8 17. Bf3 Nb6 18. Qb3 {½-½ (30) Almasi,Z (2702)-Yakubboev,N (2521) Batumi 2018}) 12. Rd1 O-O {The position is equal.} 13. c3 Rc6 {[%cal Bc8c6,Bc6b6,Bb6b5][%mdl 32]} 14. Nb4 $146 ({Predecessor:} 14. O-O Nc5 15. Nxc5 dxc5 16. Nxf6+ Qxf6 17. Qf3 Qxf3 18. Bxf3 Bxa2 {0-1 (86) Anderson,M-Grudny,D a1h8 email 2001}) 14... Rb6 15. Na5 {[%cal Bb3a5,Ba5c4,Bc4d6][%mdl 32]} Rb5 16. Nc4 a5 17. Nxd6 Rb6 18. Nd5 Rxb2 19. Nc4 Rb5 20. Nd6 Rb2 21. Nc4 Rb5 $1 22. Nd6 1/2-1/2

[Event "3rd Sharjah Masters 2019"]
[Site "Sharjah"]
[Date "2019.03.27"]
[Round "6.9"]
[White "Idani, Pouya"]
[Black "Sadhwani, Raunak"]
[Result "1/2-1/2"]
[WhiteElo "2604"]
[BlackElo "2455"]
[Annotator "TA"]
[PlyCount "74"]
[EventDate "2019.03.22"]
[EventType "swiss"]
[EventCountry "UAE"]
[SourceTitle "playchess.com"]
[Source "ChessBase"]
[SourceQuality "1"]

{[%evp 15,74,0,31,25,25,36,41,61,64,44,30,6,6,0,0,19,6,14,21,-22,-18,-36,-33,-47,0,-20,0,-37,0,-24,-27,-22,0,0,0,0,47,28,25,43,49,0,0,0,0,0,0,0,0,0,0,-8,-13,-48,-43,-42,-43,-58,0,-44,0]} 1. d4 Nf6 2. c4 g6 3. g3 c6 4. Bg2 d5 5. Nf3 Bg7 6. O-O O-O 7. Qb3 Qb6 8. Nc3 Be6 9. Ng5 {D78: Fianchetto Grünfeld: 6 0-0 c6} (9. Na4 Qxb3 10. axb3 Nbd7 11. Nc3 h6 12. Ne5 Nb6 13. c5 Nbd7 14. f4 a6 15. b4 Bf5 16. h3 h5 {½-½ (50) Kramnik,V (2777)-Andreikin,D (2720) Baku 2015}) 9... dxc4 10. Qa4 Nd5 $146 ({Predecessor:} 10... Qa6 11. Nxe6 fxe6 12. Bh3 Qxa4 13. Bxe6+ Kh8 14. Nxa4 Nd5 15. Rd1 Na6 16. b3 b5 17. Bxd5 cxd5 {1-0 (51) Dreev,A (2660)-Vastrukhin,O (2392) Sochi 2016}) 11. Nxe6 {White is slightly better.} fxe6 12. e4 Nc7 13. Bf4 {White wants to play Bxc7.} Nba6 14. Qxc4 Qxd4 15. Qe2 Rad8 16. Rad1 Qb4 17. h4 e5 18. a3 Qb3 19. Bg5 Bf6 20. Bh6 Bg7 21. Bg5 Bf6 22. Be3 Ne6 23. Bxa7 Nd4 (23... Nac5 {feels hotter.} 24. Bxc5 Nxc5 25. Rxd8 Rxd8 26. Rd1 Rd4) 24. Bxd4 $1 exd4 25. e5 dxc3 26. Rxd8 Rxd8 27. exf6 exf6 28. Qe7 Rf8 $36 {[%mdl 2048] Threatens to win with ...c2. Black has good play.} 29. bxc3 Rf7 30. Qe8+ Kg7 31. h5 Nc7 32. Qe3 gxh5 33. Qc5 Qb5 34. Qd4 Qe5 35. Qd2 Qg5 36. Qd4 Qe5 37. Qd2 Qg5 {Accuracy: White = 60%, Black = 58%.} 1/2-1/2